|
|
|
|
| LEADER |
00000nam0a2200000 4500 |
| 001 |
82454 |
| 005 |
20231031095723.0 |
| 010 |
|
|
|a 5060047644
|b (в пер.)
|b 3000 экз.
|
| 021 |
|
|
|a RU
|b 05-26582
|9 05-1340
|
| 035 |
|
|
|a (RuTPU)RU\TPU\book\88602
|
| 090 |
|
|
|a 82454
|
| 100 |
|
|
|a 20051004d2005 m y0rusy5002 ca
|
| 101 |
0 |
|
|a rus
|
| 102 |
|
|
|a RU
|
| 105 |
|
|
|a y j 000zy
|
| 200 |
1 |
|
|a Прикладная физика. Механика. Электромагнетизм
|e учебное пособие
|f В. И. Бабецкий, О. Н. Третьякова
|
| 210 |
|
|
|a Москва
|c Высшая школа
|d 2005
|
| 215 |
|
|
|a 327, [1] с.
|d 22 см.
|
| 330 |
|
|
|a В пособии в доступной форме разъяснены понятия и законы физики, показано их применение для решения практических задач. Для студентов технических вузов. Может быть полезно студентам других вузов, изучающим курс общей физики.
|
| 610 |
1 |
|
|a прикладная физика
|
| 610 |
1 |
|
|a механика
|
| 610 |
1 |
|
|a электромагнетизм
|
| 610 |
1 |
|
|a кинематика
|
| 610 |
1 |
|
|a динамика
|
| 610 |
1 |
|
|a частицы
|
| 610 |
1 |
|
|a твердые тела
|
| 610 |
1 |
|
|a системы
|
| 610 |
1 |
|
|a механические колебания
|
| 610 |
1 |
|
|a сплошные среды
|
| 610 |
1 |
|
|a электростатика
|
| 610 |
1 |
|
|a стационарные магнитные поля
|
| 610 |
1 |
|
|a квазистационарные поля
|
| 610 |
1 |
|
|a нестационарные поля
|
| 610 |
1 |
|
|a электромагнитные волны
|
| 610 |
1 |
|
|a учебные пособия
|
| 675 |
|
|
|a 531(075.8)
|v 3
|z rus
|
| 675 |
|
|
|a 537.8(075.8)
|v 3
|z rus
|
| 700 |
|
1 |
|a Бабецкий
|b В. И.
|g Владимир Иннокентьевич
|
| 701 |
|
1 |
|a Третьякова
|b О. Н.
|g Ольга Николаевна
|
| 801 |
|
0 |
|a RU
|b RKP
|c 20050531
|g PSBO
|
| 801 |
|
1 |
|a RU
|b 63413507
|c 20051004
|g PSBO
|
| 801 |
|
2 |
|a RU
|b 63413507
|c 20150515
|g PSBO
|
| 900 |
|
|
|a Прикладная физика
|
| 900 |
|
|
|a Физика
|
| 900 |
|
|
|a Механика
|
| 942 |
|
|
|c BK
|
| 951 |
|
|
|a 510400
|b 010000
|